Closest Countries To Alaska Quiz Stats

Quiz Updated Aug 1, 2015

Challenge
Share
Tweet
Embed
Score 0/20 Timer 03:00
25 Plays Today
Distance Country % Correct
0 kmCanada
99.3%
4 kmRussia
98.8%
2,191 kmJapan
94.6%
2,673 kmChina
92.8%
3,283 kmNorth Korea
87.6%
3,567 kmSouth Korea
87.5%
2,687 kmMexico
85.8%
2,136 kmDenmark
76.9%
3,734 kmMongolia
76.4%
5,166 kmUnited Kingdom
75.5%
Distance Country % Correct
3,089 kmNorway
73.4%
4,160 kmIceland
73.1%
4,397 kmSweden
72.5%
4,280 kmFinland
71%
5,198 kmTaiwan
57.8%
4,935 kmFrance
56.4%
5,255 kmCuba
43.2%
5,172 kmBahamas
28.1%
4,180 kmMarshall Islands
24.7%
5,233 kmMicronesia
24.7%

You're not logged in!

Compare scores with friends on all Sporcle quizzes.
Sign Up with Email
OR
Log In

You Might Also Like...

Show Comments

Extras

Top Quizzes Today


Score Distribution

Your Account Isn't Verified!

In order to create a playlist on Sporcle, you need to verify the email address you used during registration. Go to your Sporcle Settings to finish the process.